[Event "Oz.com qualifier blitz"]
[Site "Internet ICC"]
[Date "2000.03.05"]
[Round "8"]
[White "Fernando,D"]
[Black "Edvardsson,K"]
[Result "1-0"]
[WhiteElo "2270"]
[BlackElo "2170"]

1.e4 c5 2.Nf3 e6 3.d4 cxd4 4.Nxd4 Nc6 5.Nb5 d6 6.Bf4 e5 7.Be3 Nf6 8.Bg5 a6
9.N5c3 Be6 10.Nd2 b5 11.a4 b4 12.Nd5 Be7 13.Bxf6 gxf6 14.Nc4 f5 15.exf5 Bxf5
16.Bd3 Be6 17.Nce3 O-O 18.Bf5 Nd4 19.Qh5 Bxf5 20.Nxf5 Nxf5 21.Qxf5 b3 22.c3 Rb8
23.O-O Bg5 24.Rad1 Bh6 25.Nf6+ Kg7 26.Qxh7+ Kxf6 27.Qxh6+ Ke7 28.f4 e4 29.f5 Rg8
30.f6+ Kd7 31.Qe3 Qe8 32.Rfe1 Qe5 33.Qa7+ Ke6 34.Qe7+ Kf5 35.Qxf7 e3 36.Rd5  1-0

[Event "FSIMB April"]
[Site "Budapest HUN"]
[Date "2000.04.06"]
[Round "6"]
[White "Dolgener,T"]
[Black "Yu Mingyuan"]
[Result "1/2-1/2"]
[WhiteElo "2260"]
[BlackElo "2419"]

1.e4 c5 2.Nf3 e6 3.d4 cxd4 4.Nxd4 Nc6 5.Nb5 d6 6.c4 a6 7.N5c3 Nf6 8.Be2 Be7
9.O-O O-O 10.Be3 b6 11.Qb3 Nd7 12.Na3 Bb7 13.Rfd1 Nc5 14.Qc2 Qc7 15.Rac1 Rac8
16.f3 Kh8 17.Qd2 Rg8 18.Nc2 g5 19.b4 Nd7 20.b5 Nce5 21.bxa6 Bxa6 22.Nb5 Bxb5
23.cxb5 Nc5 24.Nb4 g4 25.f4 Nf3+ 26.Bxf3 gxf3 27.g3 Qb7 28.Nc6 Bf6 29.Bxc5 bxc5
30.a4 Rxc6 31.bxc6 Qxc6 32.Qxd6 Qxe4 33.Qxc5 Rb8 34.Rc2 Kg7 35.a5 Rb4 36.Rcd2 Ra4
37.Kf1 h6 38.Qb5 Bc3 39.Rd7 Ra2 40.Rxf7+ Kxf7 41.Qd7+ Kf6 42.Qd8+ Kg6 43.Qe8+ Kf6
44.Qf8+ Kg6 45.Qe8+ Kf5 46.Qh5+ Kf6 47.Qh4+ Kg6 48.Qg4+ Kf7 49.Qh5+ Kf6  1/2-1/2

[Event "Women's Open"]
[Site "St Petersburg RUS"]
[Date "2000.04.14"]
[Round "8"]
[White "Kochetkova,J"]
[Black "Ubiennykh,E"]
[Result "1-0"]
[WhiteElo "2197"]
[BlackElo "2262"]

1.e4 c5 2.Nf3 e6 3.d4 cxd4 4.Nxd4 Nc6 5.Nb5 d6 6.c4 Nf6 7.N1c3 a6 8.Na3 Be7
9.Be2 b6 10.Be3 Bb7 11.O-O Rc8 12.Qb3 Nd7 13.Rfd1 Qc7 14.Rd2 Na5 15.Qd1 Ne5
16.Rc1 Naxc4 17.Nxc4 Nxc4 18.Bxc4 Qxc4 19.Rd4 Qc7 20.Nd5 Qd8 21.Rxc8 Bxc8
22.Nxe7 Kxe7 23.Bf4 e5 24.Bxe5 dxe5 25.Rxd8 Rxd8 26.Qc1 Kf8 27.h3 Re8 28.Qc7 b5
29.Kh2 f6 30.g4 Kg8 31.Kg3 Kf8 32.Kf3 Kg8 33.Ke3 Kf8 34.b3 Kg8 35.Kd2 Kf8
36.Kc3 Kg8 37.Kb4 Kf8 38.Qd6+ Kf7 39.Qc7+ Kg8 40.Ka5 Kf8 41.Qc5+ Kf7 42.Kb6 Kg8
43.Kc7 h5 44.f3 hxg4 45.hxg4 Kf7 46.Qc6 Rf8 47.Qd5+ Kg6 48.a4 bxa4 49.bxa4 Re8
50.Qc6 Rh8 51.a5 Kf7 52.g5 Rf8 53.gxf6 gxf6 54.Qa8 Be6 55.Qxa6 f5 56.Qb7 Kf6
57.Kb6 fxe4 58.fxe4 Re8 59.a6 Bc8 60.Qc6+ Re6 61.Qxe6+  1-0

[Event "Schloss Open"]
[Site "Werther GER"]
[Date "2000.04.16"]
[Round "4"]
[White "Langheinrich,F"]
[Black "Drobka,S"]
[Result "1/2-1/2"]
[WhiteElo "2325"]
[BlackElo "2342"]

1.e4 c5 2.Nf3 e6 3.d4 cxd4 4.Nxd4 Nc6 5.Nb5 d6 6.c4 Nf6 7.N1c3 a6 8.Na3 Be7
9.Be2 O-O 10.O-O Ne5 11.Be3 b6 12.Qb3 Ned7 13.Rfd1 Qc7 14.f3 Nc5 15.Qc2 Bb7
16.Rac1 Rac8 17.Qd2 Rfd8  1/2-1/2

[Event "Capablanca Mem Premier I"]
[Site "Varadero CUB"]
[Date "2000.05.09"]
[Round "3"]
[White "Abreu,A"]
[Black "Fiorito,F"]
[Result "1-0"]
[WhiteElo "2419"]
[BlackElo "2459"]

1.e4 c5 2.Nf3 e6 3.d4 cxd4 4.Nxd4 Nc6 5.Nb5 d6 6.c4 Nf6 7.N1c3 a6 8.Na3 b6
9.Be2 Bb7 10.O-O Nb8 11.f3 Nbd7 12.Be3 Be7 13.Qd2 O-O 14.Rfd1 Qc7 15.Rac1 Rac8
16.Bf1 Qb8 17.Qf2 Bd8 18.Rc2 Bc7 19.Qh4 Kh8 20.g4 Ne5 21.Rf2 Ng6 22.Qh3 e5
23.Rfd2 Nd7 24.Qg3 Nc5 25.Nc2 Ne6 26.Nb4 Bd8 27.Kh1 Nef4 28.Rxd6 Be7 29.Rxb6 Bd8
30.Rbd6 Be7 31.Rb6 Bd8 32.Nxa6 Qa8 33.Nb4 Bxb6 34.Bxb6 Ne7 35.a4 f5 36.Nbd5 Nexd5
37.exd5 fxg4 38.fxg4 e4 39.Kg1 Nd3 40.Bxd3 exd3 41.b3 Ba6 42.a5 Bxc4 43.bxc4 Rxc4
44.Rxd3 Qc8 45.h3 Rcf4 46.d6 Rf1+ 47.Kh2 Qc6 48.Qg2 Qc4 49.Qxf1 Rxf1 50.d7 Rf8
51.d8=Q Qf4+ 52.Kh1 Qf1+ 53.Bg1  1-0

[Event "Capablanca Mem Premier I"]
[Site "Varadero CUB"]
[Date "2000.05.16"]
[Round "8"]
[White "Lopez Martinez,J"]
[Black "Zapata,A"]
[Result "0-1"]
[WhiteElo "2465"]
[BlackElo "2457"]

1.e4 c5 2.Nf3 e6 3.d4 cxd4 4.Nxd4 Nc6 5.Nb5 d6 6.Bf4 e5 7.Be3 Be6 8.c4 Be7
9.N5c3 Nf6 10.Be2 O-O 11.O-O Rc8 12.Na3 a6 13.Rc1 Ne8 14.Nd5 Bg5 15.Bb6 Qd7
16.Rc3 Ne7 17.Nxe7+ Qxe7 18.Nc2 Nf6 19.f3 Nd7 20.Bf2 Nc5 21.Nb4 b6 22.Nd5 Qb7
23.h4 Bd8 24.Qc2 Bd7 25.Rd1 Na4 26.Ra3 b5 27.Kh1 Be6 28.b3 Bxd5 29.Rxd5 Nb6
30.Rxd6 Qe7 31.Rxd8 Rfxd8 32.Rxa6 Nd7 33.Ra5 Qb4 34.Ra7 Nf8 35.Bd3 Ne6 36.a3 Qd6
37.Bf1 Qd1 38.Qxd1 Rxd1 39.Kg1 bxc4 40.bxc4 Rxc4 41.Ra8+ Nf8 42.Be3 Rc3 43.Kf2 Rxf1+
44.Kxf1 Rxe3 45.a4 g6 46.Re8 f6 47.a5 Ra3 48.Ra8 Kf7 49.Ra7+ Ke6 50.Kf2 h5
51.g4 Nd7 52.Ra6+ Ke7 53.g5 fxg5 54.hxg5 Nc5 55.Ra7+ Ke8 56.Kg2 Ne6 57.a6 Nxg5
58.Ra8+ Kf7 59.Ra7+ Kf6 60.Ra8 Ne6 61.Kg3 Ra2 62.Kh4 g5+  0-1

[Event "Open Victor Syre Mem"]
[Site "Issy Les Moulineaux FRA"]
[Date "2000.06.01"]
[Round "1"]
[White "Schott,R"]
[Black "Le Bideau,A"]
[Result "0-1"]
[WhiteElo "2046"]
[BlackElo "2181"]

1.e4 c5 2.Nf3 e6 3.d4 cxd4 4.Nxd4 Nc6 5.Nb5 d6 6.c4 Nf6 7.N1c3 a6 8.Na3 Be7
9.Be3 O-O 10.Be2 b6 11.O-O Ne5 12.f4 Ned7 13.Bf3 Bb7 14.Qe2 Qc7 15.Rac1 Rac8
16.g4 h6 17.Qg2 Nh7 18.Nab1 g5 19.Nd2 gxf4 20.Bxf4 Bg5 21.Qg3 Ne5 22.h4 Bxf4
23.Qxf4 Nd3 24.Qxh6 Nxc1 25.Rxc1 Qc5+ 26.Kg2 Qe5 27.Kh3 b5 28.Ne2 Qxb2 29.Rb1 Qe5
30.g5 Rc7 31.cxb5 axb5 32.Rg1 Kh8 33.g6 fxg6 34.Rxg6 Rg7 35.Rxg7 Qxg7 36.Qh5 Qb2
37.Nb3 Qf6 38.Nbd4 Bc8 39.Qxb5 e5+ 40.Nf5 Bxf5+ 41.exf5 Qxf5+ 42.Bg4 Qf1+
43.Kg3 Nf6 44.Qd3 Rg8  0-1

[Event "NOR Team-ch"]
[Site "Oslo NOR"]
[Date "2000.06.03"]
[Round "4"]
[White "Kolas,T"]
[Black "Lauvsnes,A"]
[Result "1/2-1/2"]
[WhiteElo "2170"]
[BlackElo "2272"]

1.e4 c5 2.Nf3 Nc6 3.d4 cxd4 4.Nxd4 e6 5.Nb5 d6 6.c4 a6 7.N5c3 Nf6 8.Be2 Be7
9.O-O O-O 10.Be3 b6 11.Qb3 Rb8 12.Rd1 Qc7 13.Na3 Na5 14.Qa4 Bd7 15.Qc2 Rfc8
16.Rac1 Nb7 17.Qd2 Nc5 18.f3 Qb7 19.Bf4 e5 20.Be3 Bf8 21.Nc2 b5 22.cxb5 axb5
23.Nb4 Qa8 24.Ncd5 Nxd5 25.Qxd5 Qa5 26.Qd2 Be6 27.b3 Ra8 28.Rc2 h6 29.Rdc1 Rcb8
30.Qc3 f5 31.Nc6 Qxc3 32.Rxc3 b4 33.Rxc5 dxc5 34.Nxb8 Rxb8 35.Bxc5 Rc8 36.Be3 Ra8
37.Rc2 f4 38.Bf2 Kf7 39.Kf1 Kf6 40.Bb5 Rb8 41.Bd3 Ra8 42.Rc6 Kf7 43.Rc7+ Kf6
44.Rc6 Kf7 45.Rc2 Kf6 46.Bb5 Rb8 47.Ba6 Ra8 48.Rc6 Kf7 49.Rc7+ Kf6 50.Rc6 Kf7
51.Rc7+ Kf6 52.Ra7 Rxa7 53.Bxa7 Bd6 54.Ke2 Ke7 55.Bb6 Bd7 56.Kd3 Be6 57.Bc4 Bc8
58.Bd5 Ba6+ 59.Bc4 Bc8 60.Ba7 Bd7 61.Kc2 Bc6 62.Bf2 g5 63.Kb1 Kf6 64.Be1 g4
65.a3 gxf3 66.gxf3 bxa3 67.Ka2 Bc5 68.b4 Bg1 69.b5 Bb7 70.Bh4+ Kg6 71.Kxa3 Bxh2
72.Bd5 Bg3 73.Bd8 Bxd5 74.exd5 e4 75.b6 exf3 76.b7 f2 77.b8=Q f1=Q 78.Qd6+ Kh5
79.Qe5+ Kg4 80.Qe6+ Kf3 81.Bb6  1/2-1/2

[Event "ch-IND Women"]
[Site "Mumbai IND"]
[Date "2000.06.07"]
[Round "2"]
[White "Pratibha,Y"]
[Black "Swathi,G"]
[Result "1/2-1/2"]
[WhiteElo "2091"]
[BlackElo "2297"]

1.e4 c5 2.Nf3 e6 3.d4 cxd4 4.Nxd4 Nc6 5.Nb5 d6 6.c4 Nf6 7.N1c3 a6 8.Na3 Be7
9.Be3 b6 10.Be2 Bb7 11.O-O Qc7 12.f4 Nb8 13.Bf3 Nbd7 14.Kh1 Bc6 15.b4 Rc8
16.Rc1 Qb8 17.Nab1 O-O 18.a4 Rfd8 19.Qe2 Qa8 20.Nd2 Bb7 21.g4 d5 22.cxd5 exd5
23.e5 Ne4 24.Bd4 Bxb4 25.Ncxe4 dxe4 26.Rxc8 Rxc8 27.Nxe4 Bc5 28.Bb2 Bf8 29.f5 Re8
30.Qg2 Kh8 31.e6 fxe6 32.f6 Nxf6 33.Nxf6 Bxf3 34.Rxf3 gxf6 35.Bxf6+ Bg7 36.Bxg7+ Kxg7
37.Kg1 Qd5 38.Qb2+ e5 39.Qe2 Rc8 40.Rd3 Rc1+ 41.Kf2 Qf7+ 42.Rf3 Qe7 43.Rf5 Qc5+
44.Kg3 Qc3+ 45.Kh4 Qe1+ 46.Rf2 Qxe2 47.Rxe2 Kf6 48.Kh5 Rc4 49.Rb2 Rc6 50.Kh6 e4
51.h4 e3 52.Kxh7 Re6 53.Re2 Re4 54.a5 bxa5 55.g5+ Kf5 56.Kg7 Rxh4 57.Rxe3 Rg4
58.Rf3+ Kxg5 59.Rf6 Rc4 60.Rxa6 Rc7+  1/2-1/2

[Event "11th Open"]
[Site "Ljubljana SLO"]
[Date "2000.06.20"]
[Round "4"]
[White "Susnik,M"]
[Black "Ravnik,F"]
[Result "1-0"]
[WhiteElo "2227"]
[BlackElo "2069"]

1.e4 c5 2.Nf3 Nc6 3.d4 cxd4 4.Nxd4 e6 5.Nb5 d6 6.c4 a6 7.N5c3 Nf6 8.Be2 Be7
9.O-O O-O 10.Be3 Qc7 11.f4 Rd8 12.Bf3 Rb8 13.Qe2 Bf8 14.Rd1 Qa5 15.Nd2 Qc7
16.Rac1 b6 17.Nd5 exd5 18.cxd5 Bb7 19.dxc6 Bc8 20.Bd4 Ne8 21.Nf1 b5 22.Qf2 Be6
23.b3 Qe7 24.f5 Bc8 25.Ne3 Nc7 26.Nd5 Nxd5 27.exd5 Qc7 28.f6 g6 29.Ba7 Bf5
30.Bxb8 Rxb8 31.Re1 a5 32.Be4 Bc8 33.Bd3 Ba6 34.Re2 Rc8 35.Rce1 Qb8 36.Re4 h6
37.Qe2 Qb6+ 38.Qe3 Qd8 39.Qf4 Kh7 40.a4 Qb6+ 41.Qf2  1-0

[Event "VII Open"]
[Site "Linares CHI"]
[Date "2000.06.26"]
[Round "9"]
[White "Alvarez,Ju"]
[Black "Valiente,C"]
[Result "0-1"]
[WhiteElo "2030"]
[BlackElo "2389"]

1.e4 c5 2.Nf3 Nc6 3.d4 cxd4 4.Nxd4 e6 5.Nb5 d6 6.c4 Nf6 7.N1c3 a6 8.Na3 Be7
9.Be2 O-O 10.O-O b6 11.Be3 Bb7 12.f4 Qc7 13.Bf3 Nd7 14.Qe2 Rfe8 15.Rac1 Nc5
16.Rfd1 Bf6 17.g4 g6 18.Nc2 Rac8 19.Ne1 Bg7 20.Qg2 Na5 21.b3 Nc6 22.Nd3 Nd4
23.Bxd4 Bxd4+ 24.Nf2 Be3 25.f5 b5 26.Rc2 bxc4 27.bxc4 Nd7 28.Rb1 Ne5 29.Be2 gxf5
30.gxf5+ Kh8 31.Qh3 Rg8+ 32.Kf1 Bxf2  0-1

[Event "White Nights Men"]
[Site "St Petersburg RUS"]
[Date "2000.06.29"]
[Round "6"]
[White "Bakre,T"]
[Black "Kochyev,A"]
[Result "1/2-1/2"]
[WhiteElo "2352"]
[BlackElo "2429"]

1.e4 c5 2.Nf3 e6 3.d4 cxd4 4.Nxd4 Nc6 5.Nb5 d6 6.c4 Nf6 7.N5c3 Be7 8.Be2 O-O
9.O-O b6 10.b3 Bb7 11.Bb2 Ne5 12.Nd2 a6 13.Rc1 Ng6 14.Re1 d5 15.exd5 exd5
16.Bf3 Ra7 17.Nxd5  1/2-1/2

[Event "Golden Cleopatra Open"]
[Site "Cairo EGY"]
[Date "2000.07.12"]
[Round "2"]
[White "Sameeh,H"]
[Black "Donchenko,A"]
[Result "1/2-1/2"]
[WhiteElo "2292"]
[BlackElo "2428"]

1.e4 c5 2.Nf3 e6 3.d4 cxd4 4.Nxd4 Nc6 5.Nb5 d6 6.c4 a6 7.N5a3 Nf6 8.Nc3 Be7
9.Be2 O-O 10.O-O b6 11.Nc2 Bb7 12.Nd4 Qc7 13.Nxc6 Bxc6 14.Bd3 Qb7 15.Qe2 Rfe8
16.f3 Nd7 17.Be3 Ne5 18.a4 Bf8 19.Rfd1 Rab8 20.Rac1 Nxd3 21.Rxd3 b5 22.cxb5 axb5
23.axb5 Bxb5 24.Nxb5 Qxb5 25.Bf4 Red8 26.Rd2 d5 27.Be5 Qxe2 28.Rxe2 Rb5 29.exd5 Rdxd5
30.Bc3 h6 31.Ra1 Bb4 32.Bxb4 Rxb4 33.Ra8+ Kh7 34.Ra7 Kg6 35.Rc2 h5 36.Kf2 Rdb5
37.Ra2 h4 38.Re2 Kf6 39.h3 g5 40.g3 Kf5 41.Kg2 Rb3 42.Rf2 R5b4 43.Ra7 Rxb2
44.gxh4 Rxf2+ 45.Kxf2 Rxh4 46.Rxf7+ Kg6 47.Rf8 Rxh3 48.Kg2 Rh4 49.Kg3 Rh5
50.Rg8+ Kf6 51.Kg4 Rh1 52.Kg3 Rb1 53.Kh3 Kf5 54.Kg3 Rb7 55.Rf8+ Kg6 56.Kg4 Rb4+
57.Kg3 Rc4 58.Rg8+ Kf6 59.Rf8+ Ke5 60.Rg8  1/2-1/2

[Event "MTO Open"]
[Site "Biel SUI"]
[Date "2000.08.04"]
[Round "11"]
[White "Velcheva,M"]
[Black "Kaenel,H"]
[Result "1/2-1/2"]
[WhiteElo "2302"]
[BlackElo "2452"]

1.e4 c5 2.Nf3 e6 3.d4 cxd4 4.Nxd4 Nc6 5.Nb5 d6 6.c4 Nf6 7.N1c3 a6 8.Na3 Be7
9.Be2 O-O 10.O-O b6 11.Be3 Bd7 12.Rc1 Ra7 13.Nc2 Qb8 14.a4 Rc8 15.Nd4 Rac7
16.b3 Rd8 17.f4 Ne8 18.Bf3 Bf6 19.Nxc6 Bxc6 20.Bd4 b5 21.axb5 axb5 22.Bxf6 Nxf6
23.cxb5 Bxb5 24.Nxb5 Rxc1 25.Qxc1 Qxb5 26.Qc7 Qb8 27.Qxb8 Rxb8 28.Rd1 Ne8
29.Rd3 Kf8 30.Kf2 Ke7 31.Ke3 Nc7 32.Rc3 Kd7 33.Kd3 Na6 34.Bd1 Nc5+ 35.Ke3 Na6
36.Kd4 Nb4 37.Rc4 h6 38.Kc3 Nc6 39.Ra4 Kc7 40.Be2 Kb7 41.b4 Ne7 42.Kd4 Rd8
43.Ra2 d5 44.exd5 Nxd5 45.Bf3 Kb6 46.Bxd5 Rxd5+ 47.Kc4 Rf5 48.g3 g5 49.fxg5 hxg5
50.Rd2 Kc6 51.Ra2 g4 52.Ra6+ Kb7 53.Ra2 Kb6 54.Re2 Kc6 55.Re4 Rg5 56.Re2 Rh5
57.Re4 Rxh2 58.Rxg4 f5 59.Rf4 Rc2+ 60.Kd3 Rg2 61.Rf3 Kd5 62.Ke3 Rb2 63.Rf4 Rb3+
64.Kf2 Ke5 65.Rc4 Kd5 66.Rf4 Rc3 67.g4 Ke5 68.Rf3 Rc2+ 69.Kg3 fxg4 70.Rb3 Rc6
71.b5 Rb6 72.Kxg4 Kd4 73.Rb1 e5 74.Kf5 e4 75.Rb4+ Kc5  1/2-1/2

[Event "Tallinn-Helsinki Match"]
[Site "Tallinn EST"]
[Date "2000.08.05"]
[Round "1"]
[White "Zjukin,S"]
[Black "Norri,J"]
[Result "1/2-1/2"]
[WhiteElo "2402"]
[BlackElo "2408"]

1.e4 c5 2.Nf3 Nc6 3.d4 cxd4 4.Nxd4 e6 5.Nb5 d6 6.c4 Nf6 7.N1c3 a6 8.Na3 Be7
9.Be2 O-O 10.O-O b6 11.Be3 Ne5 12.Qb3 Ned7 13.Rfd1 Qc7 14.Rac1 Bb7 15.f3 Rac8
16.Kh1 Rfe8 17.Bg1 Ba8 18.Bf1 Kh8 19.Rd2 d5 20.exd5 exd5 21.Rcd1 Bd6 22.Nxd5 Nxd5
23.cxd5 b5 24.Rc2 Qb8 25.Rxc8 Qxc8 26.Nc2 Nc5 27.Qc3 Na4 28.Qb3 Nc5 29.Qc3 Na4
30.Qb3  1/2-1/2

[Event "TCh-ESP"]
[Site "Barcelona ESP"]
[Date "2000.08.09"]
[Round "5"]
[White "Fernandez,Eri"]
[Black "Fluvia Poyatos,J"]
[Result "0-1"]
[WhiteElo "2277"]
[BlackElo "2403"]

1.e4 c5 2.Nf3 e6 3.d4 cxd4 4.Nxd4 Nc6 5.Nb5 d6 6.c4 Nf6 7.N1c3 a6 8.Na3 Be7
9.g3 O-O 10.Bg2 Qc7 11.O-O Bd7 12.b3 Rac8 13.Bb2 Na7 14.Rc1 Qb8 15.f4 Bc6
16.Qe2 b5 17.cxb5 axb5 18.b4 Qb7 19.Nc2 d5 20.e5 Ne4 21.a3 Nxc3 22.Bxc3 Bd7
23.Bb2 Bd8 24.Kh1 Bb6 25.Qd3 Rc4 26.Na1 Rfc8 27.Nb3 Nc6 28.Nd2 Rxc1 29.Rxc1 Ne7
30.Rxc8+ Qxc8 31.Qc3 Qxc3 32.Bxc3 Nf5 33.Bf3 Ne3 34.Nb1 Nc4 35.Kg2 Be3 36.Be2 Bc6
37.Bxc4 d4+ 38.Kf1 bxc4 39.Bd2 Bxd2 40.Nxd2 c3 41.Nb3 d3 42.Ke1 Ba4  0-1

[Event "FSELOB August"]
[Site "Budapest HUN"]
[Date "2000.08.12"]
[Round "8"]
[White "Antok,D"]
[Black "Erdelyi,Z"]
[Result "1/2-1/2"]
[WhiteElo "2145"]
[BlackElo "2207"]

1.e4 c5 2.Nf3 e6 3.d4 cxd4 4.Nxd4 Nc6 5.Nb5 d6 6.c4 Nf6 7.N1c3 a6 8.Na3 Be7
9.Be2 O-O 10.O-O b6 11.Be3 Ne5 12.f3 Bb7 13.Qe1 Qc7 14.Qf2 Ned7 15.Rac1 Rac8
16.Nc2 Qb8 17.Rfd1 Bd8 18.Nd4 Bc7 19.g3 Qa8 20.Qf1 Rfe8 21.Bf2 Ne5 22.Qh3 d5
23.cxd5 exd5 24.f4 Ng6 25.e5 Ne4 26.Be3 b5 27.Qf1 Bb6 28.Nxe4 dxe4 29.Nf5  1/2-1/2

[Event "IV Taca Brasilia CC"]
[Site "Brasilia BRA"]
[Date "2000.08.17"]
[Round "10"]
[White "Gonzalez,Bo"]
[Black "Valle,A"]
[Result "1-0"]
[WhiteElo "2246"]
[BlackElo "2242"]

1.e4 c5 2.Nf3 Nc6 3.d4 cxd4 4.Nxd4 e6 5.Nb5 d6 6.Bf4 e5 7.Be3 Nf6 8.Bg5 a6
9.Bxf6 gxf6 10.N5c3 Be6 11.Nd5 Rc8 12.c3 Bg7 13.Na3 Ne7 14.Bc4 f5 15.exf5 Rxc4
16.fxe6 Re4+ 17.Ne3 fxe6 18.Qf3 d5 19.g3 Qb6 20.Rb1 Nf5 21.Qh5+ Ke7 22.O-O Nxe3
23.fxe3 Qxe3+ 24.Kh1 Bf6 25.Rxf6 Kxf6 26.Rf1+ Ke7 27.Qf7+ Kd6 28.Rf6 Qc1+
29.Kg2 Qxb2+ 30.Kh3 Re8 31.Qxe8 Rh4+ 32.Kxh4 Qxh2+ 33.Kg4 h5+ 34.Kg5  1-0

[Event "Clasificatorio Abierto"]
[Site "Buenos Aires ARG"]
[Date "2000.08.19"]
[Round "1"]
[White "Della Morte,P"]
[Black "Bonaveri,A"]
[Result "1/2-1/2"]
[WhiteElo "2147"]
[BlackElo "2338"]

1.e4 c5 2.Nf3 e6 3.d4 cxd4 4.Nxd4 Nc6 5.Nb5 d6 6.c4 Nf6 7.N1c3 a6 8.Na3 Be7
9.Be2 O-O 10.O-O b6 11.Be3 Nb8 12.Bf3 Ra7 13.Qb3 Nbd7 14.Na4 Bb7 15.Nxb6 Bxe4
16.Nxd7 Rxd7 17.Bxe4 Nxe4 18.Rad1 Qa8 19.Qa4 Rb7 20.f3 Nc5 21.Bxc5 dxc5 22.b3 Rb4
23.Qd7 Bf6 24.Qd6 Qc8 25.Nc2 Rd8 26.Qf4 Rb7 27.Qe4 Rbd7 28.Qe2 g6 29.g3 Qc7
30.Ne3 Bd4 31.Kh1 Qe5 32.Rfe1 Bxe3 33.Rxd7 Rxd7 34.Qxe3 Qxe3 35.Rxe3 Rd1+
36.Kg2 Rd2+  1/2-1/2

[Event "Paul Keres mem"]
[Site "Tallinn EST"]
[Date "2000.08.21"]
[Round "8"]
[White "Kangur,Alv"]
[Black "Fomina,T"]
[Result "0-1"]
[WhiteElo "2265"]
[BlackElo "2266"]

1.e4 c5 2.Nf3 e6 3.d4 cxd4 4.Nxd4 Nc6 5.Nb5 d6 6.c4 a6 7.N5c3 Be7 8.Be2 Qc7
9.O-O Nf6 10.Be3 b6 11.f4 Rb8 12.Nd2 O-O 13.Rc1 Qb7 14.Bf3 Nd7 15.Qe2 Bf6
16.Qf2 Nc5 17.Be2 Nb4 18.Qg3 Ncd3 19.Rb1 Nc5 20.e5 Be7 21.f5 exf5 22.Bh6 g6
23.exd6 Bf6 24.Bxf8 Kxf8 25.Nf3 Be6 26.Rbd1 Rd8 27.Ng5 Kg7 28.Bf3 Qd7 29.a3 Nc6
30.Nd5 Be5 31.Qh4 h6 32.Nxe6+ Nxe6 33.b4 Qxd6 34.Nxb6 Ncd4 35.Nd5 g5 36.Qh5 a5
37.Be4 axb4 38.axb4 Bxh2+ 39.Kh1 Bf4 40.Bb1 Rc8 41.Bd3 Ra8 42.Ra1 Rxa1 43.Rxa1 Qe5
44.Rb1 Bg3 45.Qh3 g4 46.Qh5 Ng5 47.Nc3 Be1 48.Nd5 Ne2 49.Bxe2 Qxe2 50.Qh2 g3
51.Rxe1 Qxe1+ 52.Qg1 Qe5 53.Qc1 Ne4 54.b5 Qd4 55.Ne3 Nf2+ 56.Kg1 Ng4 57.Kf1 Nxe3+
58.Ke2 Nxc4  0-1

[Event "chT-POL"]
[Site "Zakopane chT"]
[Date "2000.09.02"]
[Round "1"]
[White "Jakubiec,A"]
[Black "Hnyudiuk,A"]
[Result "1-0"]
[WhiteElo "2488"]
[BlackElo "2346"]

1.e4 c5 2.Nf3 e6 3.d4 cxd4 4.Nxd4 Nc6 5.Nb5 d6 6.Bf4 e5 7.Be3 a6 8.N5c3 Nf6
9.Nd2 Be6 10.Nc4 b5 11.Nb6 Rb8 12.Nbd5 Be7 13.a4 O-O 14.axb5 axb5 15.Bxb5 Bxd5
16.exd5 Nd4 17.Bxd4 exd4 18.Qxd4 Nd7 19.O-O Bf6 20.Qd3 Nc5 21.Qc4 Qb6 22.Rab1 Rfc8
23.Bc6 Qb4 24.Qxb4 Rxb4 25.Nb5 Rd8 26.Rfe1 g5 27.b3 Be5 28.Na3 Ne4 29.Nc4 Nc3
30.Rbc1 f6 31.g3 Kf7 32.Kg2 Na2 33.Rcd1 Rbb8 34.Ne3 Nb4 35.Ba4 Rbc8 36.c4 Rb8
37.Nf5 Rb7 38.h4 Kg6 39.g4  1-0

[Event "chT-POL"]
[Site "Zakopane chT"]
[Date "2000.09.03"]
[Round "2"]
[White "Dobrowolski,P"]
[Black "Grobelny,A"]
[Result "1-0"]
[WhiteElo "2348"]
[BlackElo "2244"]

1.e4 c5 2.Nf3 e6 3.d4 cxd4 4.Nxd4 Nc6 5.Nb5 d6 6.c4 Nf6 7.N5c3 Be7 8.g3 b6
9.Bg2 Bb7 10.O-O O-O 11.Be3 Ne5 12.b3 a6 13.h3 Qc7 14.f4 Ned7 15.g4 Nc5 16.Nd2 d5
17.cxd5 exd5 18.Nxd5 Nxd5 19.exd5 Rad8 20.Rc1 Qb8 21.Nc4 Bc6 22.b4 Ba4 23.Qd2 Nd7
24.d6 Bh4 25.g5 Rfe8 26.Nb2 Bb5 27.Rfd1 Nf8 28.a4 Bd7 29.Rc3 Ng6 30.Rc7 Bc8
31.Nc4 Bg3 32.Bc6 Bxh3  1-0

[Event "V ECC Women"]
[Site "Halle GER"]
[Date "2000.09.25"]
[Round "2"]
[White "Ciuksyte,Z"]
[Black "Schuster,B"]
[Result "0-1"]
[WhiteElo "2119"]
[BlackElo "2112"]

1.e4 c5 2.Nf3 e6 3.d4 cxd4 4.Nxd4 Nc6 5.Nb5 d6 6.Bf4 e5 7.Be3 Nf6 8.Bg5 a6
9.N5c3 Be7 10.Bxf6 Bxf6 11.Nd5 Bg5 12.Na3 b5 13.c3 O-O 14.h4 Bh6 15.Be2 Ne7
16.Nc2 Bb7 17.a4 Nxd5 18.exd5 bxa4 19.Rxa4 a5 20.O-O f5 21.Ne1 e4 22.g3 Qb6
23.b4 Rfc8 24.bxa5 Rxa5 25.Rb4 Qa7 26.c4 Ra3 27.Rb3 Ra2 28.Nc2 Kh8 29.Qd4 Rc5
30.Bd1 Bc8 31.Nb4 Rd2 32.Qc3 Bd7 33.Ra3 Qb7 34.f4 exf3 35.Bxf3 Rc8 36.Ra2 Rxa2
37.Nxa2 Qa7+ 38.Rf2 Be3 39.Qc2 Bxf2+ 40.Qxf2 Qxf2+ 41.Kxf2 Rxc4 42.Be2 Rc2
43.Nb4 Rb2 44.Nd3 Rb6 45.Nf4 Kg8 46.Ng2 Rb2 47.Ke3 Kf7 48.Bf3 Kf6 49.Nf4 g6
50.Bd1 Bb5 51.Bf3 Rb3+ 52.Kf2 Ke5 53.Ne6 Bc4 54.Nf4 Rb5 55.Ke3 Bxd5 56.Bxd5 Rxd5
57.Nxd5 Kxd5 58.Kf4 Ke6 59.Kg5 d5  0-1

[Event "FSIMA October"]
[Site "Budapest HUN"]
[Date "2000.10.10"]
[Round "4"]
[White "Jamrich,G"]
[Black "Somogyi,I"]
[Result "1/2-1/2"]
[WhiteElo "2225"]
[BlackElo "2260"]

1.e4 c5 2.Nf3 e6 3.d4 cxd4 4.Nxd4 Nc6 5.Nb5 d6 6.c4 Nf6 7.N1c3 a6 8.Na3 b6
9.Be2 Be7 10.O-O Bb7 11.Be3 Ne5 12.f4 Ned7 13.Bf3 Qc7 14.Rc1 O-O 15.Nab1 Rac8
16.Nd2 Qb8 17.Qe2 Rfe8 18.g4 h6 19.h4 d5 20.e5 Nh7 21.cxd5 exd5 22.g5 hxg5
23.hxg5 Nxg5 24.fxg5 Qxe5 25.Qf2 Bxg5 26.Bxg5 Qxg5+ 27.Bg2 Ne5 28.Nf3 Nxf3+
29.Qxf3 Re7 30.Qf4 Qxf4 31.Rxf4 Rc4 32.Rcf1 Rd7 33.Nd1 Rc2 34.R4f2 Rdc7 35.Rxc2 Rxc2
36.Rf2 Rxf2 37.Kxf2 Kf8 38.Ke2 Ke7 39.Kd3 Kd6 40.Kd4 g5 41.Ne3 Bc8 42.Bxd5 f5
43.Nc4+ Kc7 44.Ke5 f4 45.Bg2 b5 46.Nd2 Kb6 47.Ne4 Bb7 48.Kf5 Bd5 49.a3 b4
50.axb4 Bxe4+ 51.Kxe4 Kb5 52.Bf3 Kxb4 53.Bd1 a5 54.Kd3 f3  1/2-1/2

[Event "Belgian Interteams 2000-1"]
[Site "BEL"]
[Date "2000.10.22"]
[Round "2"]
[White "Schuermans,R"]
[Black "Micic,S"]
[Result "0-1"]
[WhiteElo "2226"]
[BlackElo "2196"]

1.e4 c5 2.Nf3 Nc6 3.d4 cxd4 4.Nxd4 e6 5.Nb5 d6 6.Bf4 Ne5 7.N1c3 a6 8.Bxe5 dxe5
9.Qxd8+ Kxd8 10.O-O-O+ Bd7 11.Nd6 Bxd6 12.Rxd6 Ke7 13.Rd2 Bc6 14.Be2 Nf6
15.f3 h5 16.b4 Rhc8 17.Kb2 Rc7 18.Rc1 b5 19.Kb3 Rac8 20.Nd1 Nd7 21.c4 bxc4+
22.Rxc4 Ba4+ 23.Kxa4 Nb6+ 24.Ka5 Nxc4+ 25.Bxc4 Rxc4 26.a4 Rd4 27.Rxd4 exd4
28.Kxa6 Rc2 29.a5 Rd2 30.Kb7 Rxd1 31.b5 Rb1 32.Kc6 Rc1+ 33.Kb7 d3  0-1

[Event "34th Olympiad Women"]
[Site "Istanbul TUR"]
[Date "2000.10.29"]
[Round "2"]
[White "Madl,I"]
[Black "Cmilyte,V"]
[Result "0-1"]
[WhiteElo "2418"]
[BlackElo "2335"]

1.e4 c5 2.Nf3 e6 3.d4 cxd4 4.Nxd4 Nc6 5.Nb5 d6 6.c4 Nf6 7.N1c3 a6 8.Na3 Be7
9.Be2 b6 10.O-O O-O 11.Be3 Ne5 12.f4 Ned7 13.Bf3 Bb7 14.Qe2 Rc8 15.Rac1 Rc7
16.Nab1 Qc8 17.b3 Qa8 18.Bf2 Rfc8 19.a4 Bf8 20.Rce1 Nc5 21.Nd2 d5 22.e5 Nfe4
23.Ndxe4 dxe4 24.Nxe4 Nxb3 25.Nd6 Bxf3 26.gxf3 Bxd6 27.exd6 Rd7 28.Bxb6 Rxd6
29.a5 Nd2 30.c5 Rd5 31.Rf2 Nb3 32.Qc4 Nxa5 33.Qa4 Nb7 34.Rc2 Nxc5 35.Qc4 Qc6
36.Rb1 Qb7 37.Rb4 Qd7 38.Bxc5 Rdxc5 39.Qxc5 Qd1+ 40.Kf2 Qxc2+ 41.Qxc2 Rxc2+
42.Kg3 g6 43.Ra4 Rc6 44.Ra5 Kg7 45.Kg4 Kf6 46.h3 h6 47.Ra1 Ke7 48.h4 h5+
49.Kg5 Rc5+ 50.Kh6 a5 51.Ra4 Kd6  0-1

[Event "Chigorin Mem"]
[Site "St Petersburg RUS"]
[Date "2000.11.02"]
[Round "3"]
[White "Anisimov,P"]
[Black "Loginov,Va"]
[Result "1/2-1/2"]
[WhiteElo "2318"]
[BlackElo "2514"]

1.e4 c5 2.Nf3 e6 3.d4 cxd4 4.Nxd4 Nc6 5.Nb5 d6 6.c4 Nf6 7.N1c3 a6 8.Na3 Be7
9.Be3 O-O 10.Be2 b6 11.O-O Ne5 12.f3 Qc7 13.Rc1 Bb7 14.Qd4 Nfd7 15.Rfd1 Rac8
16.Qd2 Rfe8 17.f4 Ng6 18.e5 Bxg2 19.Kxg2 Qb7+ 20.Kf2 Nh4 21.Rg1 dxe5 22.fxe5 Nf5
23.Bf3 Qc7 24.Bf4 Bc5+ 25.Kf1 Bxg1 26.Kxg1 Nxe5 27.Be4 Qc5+ 28.Qf2 Nxc4 29.Qxc5 Rxc5
30.Na4 Rcc8 31.Nxc4 b5 32.Nab6 Rcd8 33.Na5 Rd4 34.Bc6 Red8 35.Be5 Rd1+ 36.Rxd1 Rxd1+
37.Kf2 f6 38.Bc3 Kf7 39.Bb7 Nd6 40.Ke2 Ra1 41.Bxa6 Rxa2 42.Kd3 h5 43.Kc2 Ra1
44.Bb4 Nf5 45.Kc3 Rc1+ 46.Kd3 Rb1 47.Bc3 b4 48.Kc2 Rh1 49.Bxb4 Rxh2+ 50.Kc3 h4
51.Nbc4 Rh3+ 52.Kd2 Rh2+ 53.Kc3 Rh3+ 54.Kd2 Rh2+ 55.Kc3  1/2-1/2

[Event "Chigorin Mem"]
[Site "St Petersburg RUS"]
[Date "2000.11.05"]
[Round "5"]
[White "Lastin,A"]
[Black "Vorobiov,E"]
[Result "1/2-1/2"]
[WhiteElo "2580"]
[BlackElo "2488"]

1.e4 c5 2.Nf3 e6 3.d4 cxd4 4.Nxd4 Nc6 5.Nb5 d6 6.c4 Nf6 7.N1c3 a6 8.Na3 Be7
9.Be2 O-O 10.O-O b6 11.Be3 Ne5 12.f4 Ned7 13.Bf3 Bb7 14.Qe2 Re8 15.Rfd1  1/2-1/2

[Event "FSIM November"]
[Site "Budapest HUN"]
[Date "2000.11.09"]
[Round "6"]
[White "Resika,N"]
[Black "Nemeth,Z"]
[Result "0-1"]
[WhiteElo "2267"]
[BlackElo "2308"]

1.e4 c5 2.Nf3 e6 3.d4 cxd4 4.Nxd4 Nc6 5.Nb5 d6 6.Bf4 e5 7.Be3 a6 8.N5c3 Nf6
9.Bg5 Be6 10.Nd2 Rc8 11.Bxf6 gxf6 12.Nc4 Nd4 13.Ne3 f5 14.exf5 Nxf5 15.Nxf5 Bxf5
16.Qf3 Be6 17.Qxb7 Bg7 18.Bxa6 O-O 19.O-O Rb8 20.Qf3 Rxb2 21.a4 f5 22.Rab1 e4
23.Qh3 Rxb1 24.Nxb1 d5 25.Bb5 Qb6 26.Qa3 f4 27.Qe7 Bf6 28.Qb4 Qc7 29.Na3 Be7
30.Qb3 Qc5 31.Nb1 Rc8 32.c3 Qc7 33.Qd1 Bf6 34.Qh5 Qg7 35.c4 Rd8 36.cxd5 Bg4  0-1